000 004540000a22001810004500
001 002186
003 MACL
005 20151027122453.0
008 151027b xxu||||| |||| 00| 0 eng d
040 _aMACL
_cMACL
041 _aEnglish
082 _a930/OSA
100 _aOsada, Toshiki
_916903
245 _aIndus Civilization
_bText and Context
_cToshiki Osada
260 _aManohar
_c2006
_bManohar,
650 _aHistory
_916904
942 _k930
_cBK
_2ddc
999 _c14100
_d14100